LIBRARY & INFORMATION CENTRE, KCAET, TAVANUR

ONLINE PUBLIC ACCESS CATALOGUE (OPAC)

Selected english shet steries centruy / (Record no. 11667)

MARC details
000 -LEADER
fixed length control field 00329cam a2200133ua 4500
041 ## - LANGUAGE CODE
Language code of text/sound track or separate title eng
082 ## - DEWEY DECIMAL CLASSIFICATION NUMBER
Classification number 823.301
Item number WAL/SE
100 ## - MAIN ENTRY--AUTHOR NAME
Personal name Walker, Hugh .
245 ## - TITLE STATEMENT
Title Selected english shet steries centruy /
260 ## - PUBLICATION, DISTRIBUTION, ETC. (IMPRINT)
Place of publication :
Name of publisher Oxford ,
Year of publication 1963.
300 ## - PHYSICAL DESCRIPTION
Number of Pages ; .

No items available.

free website counter